Százéves a tanintézet Komáromi Mezőgazdasági Iskola

Bibliographic Details
Main Author: (kamoncza) (Author)
Format: Article
Language:Hungarian
Subjects:

MARC

LEADER 00000nab a2200000 a 4500
001 vtls000597945
003 SK-MaSNL
005 20260319073505.0
008 180331c1996 xo 0 hun
015 |a SNBRB19rr/mm-uuuuu 
035 |a CL0598084 
040 |a SNKBUCL  |b slo  |c SNKBUCL  |e AACR2 
041 0 |a hun 
044 |a xo  |c SK 
080 |a 373.6(437.617=945.11=854):63  |2 1981 
080 |a 63  |2 1981 
100 1 |a (kamoncza)  |4 aut  |9 895640 
245 1 0 |a Százéves a tanintézet  |b Komáromi Mezőgazdasági Iskola  |c (kamoncza) 
650 0 7 |a Stredná poľnohospodárska škola s vyučovacím jazykom maďarským a slovenským, Komárno  |2 snkbucl  |9 998914 
651 7 |a 5204  |2 snkbucl  |9 376683 
655 7 |a články z novín a časopisov  |2 snkbucl  |9 267496 
773 0 |t Új szó  |g Roč. 49, č. 228 (30. 9. 1996), s. 2 
850 |a Slovenská národná knižnica v Martine  |a DSG001 
852 |a SNK  |b KIS3GCP 
958 |a RK 
958 |a HU 
958 |a SK 
992 |a RBX 
999 |c 1614413  |d 1616343